| 000 -LEADER |
| fixed length control field |
00638nam a22001817a 4500 |
| 008 - FIXED-LENGTH DATA ELEMENTS--GENERAL INFORMATION |
| fixed length control field |
131021b xxu||||| |||| 00| 0 alb d |
| 020 ## - INTERNATIONAL STANDARD BOOK NUMBER |
| International Standard Book Number |
9789989172403 |
| 041 0# - LANGUAGE CODE |
| Language code of text/sound track or separate title |
alb |
| 080 ## - UNIVERSAL DECIMAL CLASSIFICATION NUMBER |
| Universal Decimal Classification number |
321.7 |
| Common auxiliary subdivision |
(497.7) |
| 100 1# - Rafti |
| -- |
Latifi, Veton |
| 245 10 - TITLE STATEMENT |
| Title |
Zhvillimi i negociatave 1 : |
| Statement of responsibility, etc |
Veton Latifi. |
| 260 ## - |
| -- |
Shkup : |
| -- |
Instituti i Ohrit për Strategji Ekonomike dhe Marrëdhënie Ndërkombëtare |
| -- |
2007. |
| 300 ## - |
| -- |
202 f. : |
| -- |
17 cm. |
| 505 ## - |
| -- |
Shënime dhe referenca : f. 181 - 202 |
| 650 #0 - |
| -- |
Demokracia |
| -- |
Marrëveshje |
| -- |
Ohri |
| 650 #0 - |
| -- |
Politika dhe qeverisja |
| -- |
Ohri |
| 942 ## - ADDED ENTRY ELEMENTS (KOHA) |
| Source of classification or shelving scheme |
|
| Item type |
Books |